| 000 | 00747nam a2200229 a 4500 | ||
|---|---|---|---|
| 001 | 303 | ||
| 005 | 20221127085916.0 | ||
| 008 | 050920s lxxua | 00100 eng d | ||
| 020 |
_a0256119392(hpb) : _cSR430.00 |
||
| 035 | _a316 | ||
| 082 | 0 | 4 |
_a658.4013 _bAl92 2000 |
| 100 | 1 | _aAlwan, Layth C. | |
| 245 | 1 | 0 |
_aStatistical process analysis / _cLayth Alwan. |
| 260 |
_aBoston, Mass. : _bMcGraw-Hill/Irwin, _c2000. |
||
| 300 |
_axvi, 751 p. : _bill. ; _c23 cm. |
||
| 440 | 0 | _aMcGraw-Hill/Irwin series in operations and decision sciences. | |
| 504 | _aIncludes bibl. references and index. | ||
| 650 | 4 |
_aQuality control _vStatistical methods. |
|
| 650 | 4 | _aSystem analysis. | |
| 650 | 4 | _aProduct management. | |
| 650 | 4 | _aQuality function development. | |
| 999 |
_c303 _d303 |
||